| 000 | 00468nam a22001817a 4500 | ||
|---|---|---|---|
| 003 | BD-ChCU | ||
| 005 | 20260218140839.0 | ||
| 008 | 260218b bg ||||| |||| 00| 0 ben d | ||
| 040 | _cBD-ChCU | ||
| 082 | _a658 TEP | ||
| 100 |
_aTerry , George R. _920427 |
||
| 245 |
_aPrinciples of management ./ _cGeorge R. Terry . |
||
| 250 | _a5th ed. | ||
| 260 |
_aHomewood : _bIrwin, _cC 1968 |
||
| 300 | _axv , 791p. | ||
| 650 | 0 |
_aManagement . _920428 |
|
| 942 |
_2ddc _cBK _n0 |
||
| 999 |
_c111658 _d111658 |
||